000 00530nam a2200217Ia 4500
003 OSt
005 20220924133351.0
006 a|||||r|||| 00| 0
007 ta
008 220923b |||||||| |||| 00| 0 hin d
024 _a264747
037 _cTextual
040 _aARTS
_cARTS
_bhin
041 _2hin
_ahin
082 _aO157vL, J7
100 _aGhosh
_9104906
245 0 _aPrachin bangla sahityer pranjal itihas
260 _c1967
942 _hO157vL, J7
_cTEXL
_2CC
999 _c433543
_d433543